Managing NFS and NIS

Αποθηκεύτηκε σε:
Λεπτομέρειες βιβλιογραφικής εγγραφής
Κύριος συγγραφέας: Stern, Hal
Μορφή: Βιβλίο
Γλώσσα:English
Δημοσίευση: Sebastopol, CA : O'Reilly & Associates, 1992
Σειρά:Nutshell handbook
Θέματα:
Ετικέτες: Προσθήκη ετικέτας
Δεν υπάρχουν, Καταχωρήστε ετικέτα πρώτοι!

MARC

LEADER 00000nam a2200000 i 4500
001 1/95651
008 991208s1992 eng d
020 |a 0-937175-75-7 
035 |l 10055401 
040 |a GR-MY-UA  |b gre  |e aacr 
041 0 |a eng 
082 0 |a 005.713 
100 0 |a Stern, Hal. 
245 1 0 |a Managing NFS and NIS /  |c Hal Stern 
260 |a Sebastopol, CA :   |b O'Reilly & Associates,   |c 1992 
300 |a xxiv, 410 p.;  |b ill.;  |c 23 cm. 
490 1 |a Nutshell handbook 
500 |a "Help for UNIX system administrators"--Cover 
504 |a Includes index 
630 0 0 |a UNIX (Computer file) 
650 0 0 |a Computer networks. 
830 0 |a Nutshell handbook 
852 |a INST  |b SAMOS  |e 19991208  |h 005.713 STE  |p 005300016449  |q 005300016449  |t BK  |y 0 
901 |a BIBL3-2000-2 
909 |a Σ  |b 070940 
922 |a 3ΕΛΗ  |b 199911  |c ΤΠΕΣ  |d ΠΑΠΑΣΩΤΗΡΙΟΥ 
950 |a 133-1999-07-20 
970 |z 2000/05/ΜΠΡΑΤΤΗΣ